书目信息 |
| 题名: |
环境土壤学
|
|
| 作者: | 张乃明 主编 | |
| 分册: | ||
| 出版信息: | 北京 中国农业大学出版社 2021.6 |
|
| 页数: | 445页 | |
| 开本: | 26cm | |
| 丛书名: | ||
| 单 册: | ||
| 中图分类: | X144 | |
| 科图分类: | ||
| 主题词: | 环境土壤学--高等教育--教材 , 环境土壤学 | |
| 电子资源: | ||
| ISBN: | 978-7-5655-0621-5 | |
| 000 | 00973nam0 2200289 45 | |
| 001 | 012001002637 | |
| 005 | 20141008094527.0 | |
| 010 | @a978-7-5655-0621-5@dCNY72.00 | |
| 100 | @a20131105d2013 em y0chiy50 ea | |
| 101 | 0 | @achi |
| 102 | @aCN@b110000 | |
| 105 | @aa z 000yy | |
| 106 | @ar | |
| 200 | 1 | @a环境土壤学@Ahuan jing tu rang xue@b专著@f张乃明主编 |
| 210 | @a北京@c中国农业大学出版社@d2021.6 | |
| 215 | @a445页@c图@d26cm | |
| 300 | @a普通高等教育“十二五”规划建设教材 | |
| 300 | @a并列题名:Environmental pedology | |
| 312 | @a封面英文题名:Environmental pedology | |
| 330 | @a本书系统阐述了土壤环境质量变化规律、影响因素以及修复与调控技术。全书由基础篇、原理篇和应用篇三大部分组成,共17章。 | |
| 510 | 1 | @aEnvironmental pedology@zeng |
| 606 | 0 | @a环境土壤学@x高等教育@j教材 |
| 606 | 0 | @a环境土壤学 |
| 690 | @aX144@v5 | |
| 701 | 0 | @a张乃明@Azhang nai ming@f(1963 )@4主编 |
| 801 | 2 | @aCN@bBJSDL@c20211018 |
| 905 | @b1350106-9@dX144@e280@f4 | |
| 环境土壤学/张乃明主编.-北京:中国农业大学出版社,2021.6 |
| 445页:图;26cm |
| 普通高等教育“十二五”规划建设教材.-并列题名:Environmental pedology |
| ISBN 978-7-5655-0621-5:CNY72.00 |
| 本书系统阐述了土壤环境质量变化规律、影响因素以及修复与调控技术。全书由基础篇、原理篇和应用篇三大部分组成,共17章。 |
| ● |
| 相关链接 |
|
|
|
|
正题名:环境土壤学
索取号:X144/280
 
预约/预借
| 序号 | 登录号 | 条形码 | 馆藏地/架位号 | 状态 | 备注 |
| 1 | 1350106 | 213501067 | 第二样本阅览室/ [索取号:X144/280] | 在馆 | |
| 2 | 1350107 | 213501076 | 第三借阅区/ [索取号:X144/280] | 在馆 | |
| 3 | 1350108 | 213501085 | 第三借阅区/ [索取号:X144/280] | 在馆 | |
| 4 | 1350109 | 213501094 | 第三借阅区/ [索取号:X144/280] | 在馆 |